000 00245nam a2200109Ia 4500
008 190216s9999||||xx |||||||||||||| ||und||
100 _aShukla Mc & Grewal Ts
245 0 _aCost Accounts
260 _bNull
_c1970
300 _a415p
942 _cBK
999 _c4997
_d4997